000 00372nam a2200145Ia 4500
008 230917s9999||||xx |||||||||||||| ||und||
040 _e37831
_aMAIN
041 _aEnglish
082 _a823.7 T325L:T
100 _aLoofbourow, John
245 0 _aThackeray and the form fiction
260 _aPrinceton
_bPrinceton University Press
_c1964
300 _a236 p.
942 _cBK
999 _c40298
_d40298